000 010240000a22002290004500
020 _a84-301-1033-X
082 0 4 _aG 261.7 M729t
100 1 _aMoltmann, Jürgen (1926-)
245 1 0 _aTeología política : etica política / Jurgen Moltmann ; traducido por Víctor A. Martinez de Lapera
260 _aSalamanca, España : Sígueme
300 _a147 p.
440 0 _aCol. Verdad e Imagen ; no.99
500 _aTítulo original: Politische Theologie - Politische Ethik
501 _aRústico
505 0 0 _a\I. Crítica teológica de la religión política. religión y cultura en Europa -- El "sueño americano" -- La unidad de la humanidad \II. Ética política -- Teología política -- Fundamentación teológica de los derechos humanos -- Seguimiento de Cristo y armas atómicas
650 1 4 _aTEOLOGIA POLITICA \ ETICA POLITICA \ DERECHOS HUMANOS - TEOLOGIA
001 18081
942 _cBK
999 _c44569
_d44569
336 _atexto
_btxt
_2rdacontent
337 _2rdamedia
_asin mediación
_bn
338 _2rdacarrier
_avolumen
_bnc